LEADER 01233nam a2200289 u 4500 001 000000037048 003 CaOOAMICUS 005 20070226113724.0 008 980401s1955 it u000 u ita u 035 $a10788589 040 $aBAV$bita 100 0 $aPius PP.$bXI,$d1857-1939.$0(OLS)http://pul/name/12322 245 10$aDiscorsi agli intellettuali :$b(1939-1954) /$cPio XII. 260 $aRoma :$bEd. Studium,$c[1954] 300 $aviii, 542 p. ;$c21 cm 490 1 $aLa cattedra 830 3$aLa cattedra.$0(OLS)http://pul/title/22536 850 $aPUL 852 $aPUL$W1$xDP1 Fondo Cecchetti$y53$m272 C 40$j50696$nBK-PRI$b $qFondi$B50696$CPULBib$Z2$F50696 $HPUL6541 $81 852 $aPUL$W1$xDP1 Fondo Pastorale$y55$mP11 A 28$j50697$nBK-PRI$b $qFondi$B50697$CPULBib$Z2$F50697 $H $81 900 $aPio$bXI,$cpapa,$d1857-1939$912322 900 $aRatti, Achille,$d1857-1939$912322 910 $aPapi (1922-1939 : Pius PP. XI)$912322 910 $aPapi (1922-1939 : Pius PP. XI)$912322 941 1 $a1 996 $6245$aDiscorsi agli intellettuali :$b(1939-1954)$9(OLS)http://pul/title/50503 996 $6260$aRoma :$bEd. Studium$9(OLS)http://pul/publisher/50258 LEADER 01533nam a2200325 u 4500 001 000000054048 003 CaOOAMICUS 005 20070226115629.0 008 001127s1978 it u000 u ita u 035 $a10862582 040 $aPUL(R)$bita 100 1 $aNepi, Paolo.$0(OLS)http://pul/name/9503 245 12$aL'avventura del marxismo francese :$bepistemologia e dialettica : un'alternativa per la teoria marxista /$cPaolo Nepi ; presentazione di Armando Rigobello. 260 $aRoma :$bEditrice A.V.E.,$c1978. 300 $a207 p. ;$c23 cm 490 1 $aSaggi ;$v19 504 $a"Nota bibliografica: p. 197-203. 650 4$aMarxismo.$0(OLS)http://pul/subject/4889 650 4$aMaterialismo storico.$0(OLS)http://pul/subject/7205 700 1 $aRigobello, Armando,$d1924-$0(OLS)http://pul/name/2221 830 0$aSaggi (Editrice A.V.E.) ;$v19.$0(OLS)http://pul/title/371 850 $aPUL 852 $aPUL$W1$xDP1 Fondo Giannini$y60$m1556 F 51$j71238$nBK-PRI$b $qFondi$B71238$CPULBib$Z2$F71238 $H $81 852 $aPUL$W1$xDP1 Cons. Gen., Altre Classi 1$y22$m45 C 42$j71239$nBK-PRI$b $qStampati$B71239$CPULBib$Z2$F71239 $H $81 941 1 $a8 941 1 $a1 961 $aINV: Fondo G. Giannini 961 $aINV: 55528 996 $6245$aL'avventura del marxismo francese :$bepistemologia e dialettica : un'alternativa per la teoria marxista$9(OLS)http://pul/title/72503 996 $6260$aRoma :$bEditrice A.V.E.$9(OLS)http://pul/publisher/51573